002610000a220007300045001000026000002450086000263000046001127730029001581 aVoelkel, Ana María10aThe real story at Bellavista : The persistence of an ex-convict preacher pays off aVol. 73, Num. 1 (Enero-Marzo), Página 70 tLatin America Evangelist